Estado, mercado y conocimiento: Políticas y resultados en la Educación superior chilena 1960-1990 /

שמור ב:
מידע ביבליוגרפי
מחבר ראשי: Brunner, José Joaquín
מחברים אחרים: Courard, Hernán Cox, Cristián
פורמט: Texto
יצא לאור: Santiago: Foro de la Eduación Superior
תגים: הוספת תג
אין תגיות, היה/י הראשונ/ה לתייג את הרשומה!

MARC

LEADER 00000 a a2200000 04500
001 25348
003
040
090 |a 181300  
100 |a Brunner, José Joaquín  
245 |a Estado, mercado y conocimiento: Políticas y resultados en la Educación superior chilena 1960-1990 /  |c José Joaquín Brunner 
260 |a Santiago:   |b Foro de la Eduación Superior  
300 |a 278 p.  
700 |a Courard, Hernán   |a Cox, Cristián  
999 |c 1456  |d 1456